000 00330nam a2200145Ia 4500
008 240112s2016 xx 000 0 und d
022 _a900036
041 _aeng
082 _a614
100 _aARREDONDO A.
245 _aAMERICAN JOU. OF PUBLIC HEALTH
260 _bAPHA
_c2016
300 _a1511-1910
_c9,10
440 _v103
999 _c1145088
_d1145088